[Event "Athens Iraklion op 25th"]
[Site "Athens"]
[Date "2023.06.21"]
[Round "5"]
[White "Delis, Georgios"]
[Black "Gogolis, Alexandros"]
[Result "0-1"]
[WhiteElo "1726"]
[BlackElo "2124"]
[PlyCount "88"]
[EventDate "2023.06.17"]
[EventType "swiss"]
[EventRounds "9"]
[EventCountry "GRE"]
[SourceTitle "CBM 214 Extra"]
[Source "ChessBase"]
[SourceDate "2023.07.31"]
[SourceVersion "1"]
[SourceVersionDate "2023.07.31"]
[SourceQuality "1"]

1. d4 d5 2. Nf3 Nf6 3. g3 Bf5 4. Bg2 e6 5. 0-0 h6 6. b3 Nbd7 7. Bb2 Be7 8. c4 c6 9. Nbd2 0-0 10. Re1 a5 11. a3 Ne4 12. Nxe4 Bxe4 13. Bf1 Bxf3 14. exf3 a4 15. b4 dxc4 16. Bxc4 Nb6 17. Ba2 Nd5 18. Rc1 Bf6 19. Qd3 Re8 20. Re4 g6 21. Bb1 Bg7 22. Rce1 Qd7 23. Bc1 Rad8 24. Rh4 Ne7 25. Qc2 Nf5 26. Rg4 Nxd4 27. Qd3 Nb3 28. Qc2 Nxc1 29. Qxc1 Qd2 30. Qxd2 Rxd2 31. b5 cxb5 32. Rb4 Bd4 33. Rf1 b6 34. Rxb5 Bc5 35. Be4 Ra2 36. h4 Rd8 37. Rbb1 Rxa3 38. h5 g5 39. Rbd1 Rxd1 40. Rxd1 Ra2 41. Rd8+ Kg7 42. Ra8 Rxf2 43. Kh1 a3 44. Ra7 a2 0-1

[Event "Athens Iraklion op 25th"]
[Site "Athens"]
[Date "2023.06.18"]
[Round "2"]
[White "Gogolis, Alexandros"]
[Black "Kanetis, Vasilios"]
[Result "1-0"]
[WhiteElo "2124"]
[BlackElo "1651"]
[PlyCount "51"]
[EventDate "2023.06.17"]
[EventType "swiss"]
[EventRounds "9"]
[EventCountry "GRE"]
[SourceTitle "CBM 214 Extra"]
[Source "ChessBase"]
[SourceDate "2023.07.31"]
[SourceVersion "1"]
[SourceVersionDate "2023.07.31"]
[SourceQuality "1"]

1. d4 d5 2. Bf4 Nf6 3. e3 e6 4. Nd2 Bd6 5. Ngf3 Bxf4 6. exf4 Nbd7 7. c3 c5 8. Bd3 Qb6 9. Rb1 c4 10. Bc2 Qd6 11. Ne5 h5 12. Ndf3 Ne4 13. g3 Ndf6 14. h4 g6 15. Ng5 Rf8 16. Qe2 Qa6 17. Nxe4 Nxe4 18. Bxe4 dxe4 19. Qxc4 b5 20. Qe2 Bb7 21. 0-0 Rc8 22. Rfe1 Bd5 23. a4 Qxa4 24. Ra1 Qb3 25. Ra3 Bc4 26. Qd2 1-0

[Event "Chalkida Evoiki op 5th"]
[Site "Chalkida"]
[Date "2023.01.08"]
[Round "6"]
[White "Gogolis, Alexandros"]
[Black "Berbatis, Antonios"]
[Result "1-0"]
[WhiteElo "2142"]
[BlackElo "1850"]
[PlyCount "59"]
[EventDate "2023.01.05"]
[EventType "swiss"]
[EventRounds "7"]
[EventCountry "GRE"]
[SourceTitle "CBM 212 Extra"]
[Source "ChessBase"]
[SourceDate "2023.03.31"]
[SourceVersion "1"]
[SourceVersionDate "2023.03.31"]
[SourceQuality "1"]

1. d4 Nf6 2. Nf3 e6 3. Bf4 d5 4. e3 c5 5. c3 Nc6 6. Nbd2 Bd6 7. Bg3 cxd4 8. exd4 Bxg3 9. hxg3 Qc7 10. Bd3 h6 11. Qe2 b6 12. 0-0 0-0 13. Rae1 Nd7 14. g4 e5 15. Nxe5 Re8 16. Qd1 Ndxe5 17. dxe5 Nxe5 18. Be2 Bb7 19. Nb3 Nc4 20. Bxc4 dxc4 21. Nd4 Qf4 22. f3 a6 23. Rf2 Rad8 24. Rfe2 Rxe2 25. Qxe2 Qc7 26. Qe7 Rd7 27. Qe8+ Kh7 28. Qf8 Rd8 29. Re7 Qd6 30. Qxf7 1-0

[Event "GRE-chT 48th"]
[Site "Athens"]
[Date "2021.09.07"]
[Round "1.1"]
[White "Gogolis, Alexandros"]
[Black "Michelakos, Panagiotis"]
[Result "1/2-1/2"]
[WhiteElo "2168"]
[BlackElo "2265"]
[PlyCount "59"]
[EventDate "2021.09.07"]
[EventType "team-swiss"]
[EventRounds "7"]
[EventCountry "GRE"]
[SourceTitle "CBM 204 Extra"]
[Source "ChessBase"]
[SourceDate "2021.11.30"]
[SourceVersion "1"]
[SourceVersionDate "2021.11.30"]
[SourceQuality "1"]
[WhiteTeam "Evoiki ES"]
[BlackTeam "Nikaia Fysiolatris"]
[WhiteTeamCountry "GRE"]
[BlackTeamCountry "GRE"]

1. d4 Nf6 2. Nf3 g6 3. Bg5 Bg7 4. Nbd2 0-0 5. c3 d6 6. e4 h6 7. Bh4 c5 8. dxc5 dxc5 9. Be2 Nh5 10. 0-0 Nc6 11. Re1 Qc7 12. Qc2 b6 13. a4 Nf4 14. Bf1 g5 15. Bg3 Bg4 16. Bxf4 Qxf4 17. Be2 Rad8 18. Rad1 Bc8 19. Nc4 Bb7 20. g3 Qc7 21. h3 e6 22. Bf1 Ne5 23. Nfxe5 Bxe5 24. Bg2 Bc6 25. Ne3 Kg7 26. a5 b5 27. Qe2 Kg6 28. h4 f6 29. Rf1 h5 30. g4 1/2-1/2

[Event "GRE-chT Online Rapid op 1st"]
[Site "Tornelo INT"]
[Date "2021.02.21"]
[Round "6.7"]
[White "Tsilimparis, Ioannis"]
[Black "Gogolis, Alexandros"]
[Result "1-0"]
[WhiteElo "1659"]
[BlackElo "2168"]
[PlyCount "71"]
[EventDate "2021.02.20"]
[EventType "team-swiss (rapid)"]
[EventRounds "9"]
[EventCountry "GRE"]
[SourceTitle "EXT 2023"]
[Source "ChessBase"]
[SourceDate "2022.10.05"]
[SourceVersion "1"]
[SourceVersionDate "2022.10.05"]
[SourceQuality "1"]

1. e4 c6 2. d4 d5 3. exd5 cxd5 4. Bd3 Nc6 5. c3 g6 6. Bf4 Nh6 7. h4 Bf5 8. h5 Bxd3 9. Qxd3 Bg7 10. Nd2 Nf5 11. h6 Bf8 12. Qb5 Qd7 13. g4 a6 14. Qb3 Na5 15. Qb6 Nxd4 16. cxd4 Nc6 17. Ngf3 f6 18. 0-0-0 g5 19. Bg3 e6 20. Rde1 Rc8 21. Kb1 Bb4 22. a3 Ba5 23. Qb3 Kf7 24. Qd3 Ne7 25. Rh5 Ng6 26. Ng1 Rc6 27. Ne2 Rhc8 28. f4 Rc2 29. Rd1 Qa4 30. Rhh1 b5 31. fxg5 b4 32. axb4 Qxb4 33. Nb3 Rxe2 34. Qxe2 Qxb3 35. Qf2 Rc3 36. Qxf6+ 1-0

[Event "Aspropyrgos op-A 1st"]
[Site "Aspropyrgos"]
[Date "2019.09.17"]
[Round "4"]
[White "Grigoriadis, Mihail"]
[Black "Gogolis, Alexandros"]
[Result "1-0"]
[WhiteElo "2141"]
[BlackElo "2198"]
[PlyCount "101"]
[EventDate "2019.09.14"]
[EventType "swiss"]
[EventRounds "9"]
[EventCountry "GRE"]
[SourceTitle "CBM 195 Extra"]
[Source "ChessBase"]
[SourceDate "2020.05.31"]
[SourceVersion "1"]
[SourceVersionDate "2020.05.31"]
[SourceQuality "1"]

1. e4 c6 2. d3 e5 3. d4 d6 4. c4 Nf6 5. Nc3 Be7 6. f4 exd4 7. Qxd4 0-0 8. Be2 Na6 9. Be3 d5 10. cxd5 Bc5 11. Qd2 cxd5 12. Bxc5 Nxc5 13. e5 Nce4 14. Qd4 Nxc3 15. bxc3 Ne4 16. Bf3 Qa5 17. Ne2 Be6 18. Bxe4 dxe4 19. Qxe4 Qc5 20. Qd4 Rac8 21. Qxc5 Rxc5 22. Kd2 Rfc8 23. Rhc1 g5 24. g3 gxf4 25. gxf4 Rd8+ 26. Ke3 f6 27. exf6 Kf7 28. Rd1 Rdc8 29. Rab1 b6 30. Rd4 Kxf6 31. Ra4 R8c7 32. Rg1 Rh5 33. Rg2 Bd5 34. Rf2 Rh3+ 35. Ng3 h5 36. Kd2 h4 37. Ne2 Bc4 38. Ng1 Rd3+ 39. Kc2 Bb5 40. Ra3 Re3 41. Nf3 h3 42. Nd4 Rg7 43. Nxb5 Rg2 44. Rd2 Ree2 45. Rxe2 Rxe2+ 46. Kd3 Rxh2 47. Rxa7 Kg6 48. Ra8 Kg7 49. Re8 Rh1 50. Re2 h2 51. Kc4 1-0

[Event "GRE-chT 47th"]
[Site "Patras"]
[Date "2019.07.02"]
[Round "1.5"]
[White "Vallejo Pons, Francisco"]
[Black "Gogolis, Alexandros"]
[Result "1-0"]
[WhiteElo "2687"]
[BlackElo "2189"]
[PlyCount "71"]
[EventDate "2019.07.02"]
[EventType "team-swiss"]
[EventRounds "7"]
[EventCountry "GRE"]
[SourceTitle "CBM 191 Extra"]
[Source "ChessBase"]
[SourceDate "2019.09.30"]
[SourceVersion "1"]
[SourceVersionDate "2019.09.30"]
[SourceQuality "1"]
[WhiteTeam "Chania OA"]
[BlackTeam "Evoiki ES"]
[WhiteTeamCountry "GRE"]
[BlackTeamCountry "GRE"]

1. e4 d5 2. exd5 Qxd5 3. Nc3 Qa5 4. Bc4 Nf6 5. d4 Bg4 6. f3 Bd7 7. Nge2 e6 8. Bd2 Qb6 9. a4 a5 10. Be3 Nc6 11. 0-0 Nb4 12. Bf2 Nbd5 13. Ne4 Be7 14. Bb3 Qa6 15. c4 Nb4 16. N2c3 0-0 17. Nb5 Rac8 18. Bg3 Bxb5 19. axb5 Qb6 20. Bf2 Nxe4 21. fxe4 e5 22. d5 Bc5 23. Bxc5 Qxc5+ 24. Kh1 b6 25. Qe2 Rce8 26. Bc2 Qd4 27. Bb1 f5 28. Rd1 Qc5 29. exf5 e4 30. Bxe4 Rxf5 31. Qg4 Rfe5 32. Bf5 Rf8 33. Rf1 Kh8 34. Qh3 g6 35. Bxg6 Rxf1+ 36. Rxf1 1-0

[Event "Aegean op 41st"]
[Site "Aghios Kirykos"]
[Date "2018.07.20"]
[Round "6"]
[White "Gazis, Efstathios"]
[Black "Gogolis, Alexandros"]
[Result "1/2-1/2"]
[WhiteElo "2195"]
[BlackElo "2207"]
[PlyCount "104"]
[EventDate "2018.07.16"]
[EventType "swiss"]
[EventRounds "9"]
[EventCountry "GRE"]
[SourceTitle "CBM 186 Extra"]
[Source "ChessBase"]
[SourceDate "2018.08.24"]
[SourceVersion "1"]
[SourceVersionDate "2018.08.24"]
[SourceQuality "1"]

1. e4 c6 2. d4 d5 3. Nc3 dxe4 4. Nxe4 Nf6 5. Nxf6+ exf6 6. c3 Bd6 7. Bd3 0-0 8. Qc2 Re8+ 9. Ne2 h5 10. Be3 Be6 11. Ng3 h4 12. Nf5 Bxf5 13. Bxf5 g6 14. Bd3 Nd7 15. g3 Kg7 16. 0-0-0 Rh8 17. Kb1 Qc7 18. Rhe1 Rae8 19. Re2 Re7 20. Rde1 Qd8 21. Qd2 hxg3 22. hxg3 b5 23. Qc2 Nb6 24. Be4 Qd7 25. Bf3 Nd5 26. Bc1 Rhe8 27. Rxe7 Nxe7 28. Qe4 Rh8 29. Bf4 Nd5 30. Bxd6 Qxd6 31. Qe2 Rh2 32. Rh1 Rxh1+ 33. Bxh1 Ne7 34. Kc2 a5 35. a3 b4 36. axb4 axb4 37. Qc4 bxc3 38. Kxc3 Kf8 39. Bg2 Ke8 40. Qa2 Kf8 41. Qa8+ Kg7 42. Qa2 Kf8 43. Bf3 Kg7 44. Qc4 Kf8 45. b4 Ke8 46. Qa2 Kf8 47. Qa8+ Kg7 48. Qa2 Kf8 49. Qc4 Ke8 50. Kb3 Kd7 51. Kc3 Qe6 52. Qxe6+ fxe6 1/2-1/2

[Event "Aegean op 41st"]
[Site "Aghios Kirykos"]
[Date "2018.07.17"]
[Round "3"]
[White "Gogolis, Alexandros"]
[Black "Bardis, Harilaos Panagiotis"]
[Result "1-0"]
[WhiteElo "2207"]
[BlackElo "1866"]
[PlyCount "105"]
[EventDate "2018.07.16"]
[EventType "swiss"]
[EventRounds "9"]
[EventCountry "GRE"]
[SourceTitle "CBM 186 Extra"]
[Source "ChessBase"]
[SourceDate "2018.08.24"]
[SourceVersion "1"]
[SourceVersionDate "2018.08.24"]
[SourceQuality "1"]

1. d4 Nf6 2. Nf3 e6 3. g3 Be7 4. Bg2 d5 5. 0-0 0-0 6. c4 dxc4 7. Qc2 a6 8. a4 Bd7 9. Qxc4 Bc6 10. Bg5 Bd5 11. Qc2 Be4 12. Qc1 Nc6 13. e3 Nb4 14. Nc3 Bc6 15. Bxf6 Bxf6 16. Rd1 Bxf3 17. Bxf3 c6 18. a5 Rc8 19. Ne4 Be7 20. Qc4 Qc7 21. Nc5 Bxc5 22. dxc5 Nd5 23. e4 Nf6 24. Rd6 Rfd8 25. e5 Ne8 26. b4 Qe7 27. Re1 Nc7 28. Bg4 Qg5 29. h4 Qh6 30. Kg2 Nd5 31. f4 g6 32. Bf3 Qf8 33. Re2 Qe8 34. Qd4 Qe7 35. h5 Kg7 36. Re1 Rh8 37. Rh1 Qc7 38. Bg4 Qe7 39. Kg1 Rhg8 40. Kf2 Rh8 41. h6+ Kf8 42. Bf3 Qe8 43. g4 Qe7 44. g5 Rg8 45. Kg3 Qe8 46. Rb1 Ke7 47. b5 axb5 48. Bxd5 cxd5 49. Rb6 Rc7 50. R1xb5 Qc8 51. Qb4 Rd8 52. c6+ Ke8 53. Rxb7 1-0

[Event "Athens Iraklion op 21st"]
[Site "Athens"]
[Date "2018.06.23"]
[Round "8"]
[White "Skaperdas, Kostantinos"]
[Black "Gogolis, Alexandros"]
[Result "1/2-1/2"]
[WhiteElo "2211"]
[BlackElo "2204"]
[PlyCount "27"]
[EventDate "2018.06.16"]
[EventType "swiss"]
[EventRounds "9"]
[EventCountry "GRE"]
[SourceTitle "CBM 185 Extra"]
[Source "ChessBase"]
[SourceDate "2018.07.29"]
[SourceVersion "1"]
[SourceVersionDate "2018.07.29"]
[SourceQuality "1"]

1. Nf3 d5 2. c4 c6 3. e3 Nf6 4. Nc3 a6 5. h3 Bf5 6. b3 h6 7. Ba3 Nbd7 8. Be2 e6 9. Bxf8 Nxf8 10. 0-0 N8d7 11. Qc1 0-0 12. Qa3 Re8 13. Rac1 a5 14. cxd5 1/2-1/2

[Event "Athens Iraklion op 21st"]
[Site "Athens"]
[Date "2018.06.18"]
[Round "3"]
[White "Gogolis, Alexandros"]
[Black "Tilicheev, Viacheslav"]
[Result "1/2-1/2"]
[WhiteElo "2204"]
[BlackElo "2513"]
[PlyCount "66"]
[EventDate "2018.06.16"]
[EventType "swiss"]
[EventRounds "9"]
[EventCountry "GRE"]
[SourceTitle "CBM 185 Extra"]
[Source "ChessBase"]
[SourceDate "2018.07.29"]
[SourceVersion "1"]
[SourceVersionDate "2018.07.29"]
[SourceQuality "1"]

1. d4 g6 2. Nf3 Nf6 3. Bg5 Bg7 4. Nbd2 d6 5. c3 0-0 6. e3 Nbd7 7. Bc4 a6 8. a4 b6 9. 0-0 Bb7 10. Re1 e5 11. dxe5 dxe5 12. e4 Qe8 13. Qc2 Nc5 14. b4 Ne6 15. Bh4 Nf4 16. Nf1 a5 17. b5 Rd8 18. Bxf6 Bxf6 19. Ne3 Rd6 20. g3 Nh3+ 21. Kg2 Qc8 22. Rad1 Rfd8 23. Rxd6 Rxd6 24. Bd5 Bxd5 25. Nxd5 Qg4 26. Ng1 Nf4+ 27. Nxf4 exf4 28. e5 Re6 29. h3 Qh5 30. g4 Qh6 31. Nf3 Be7 32. Nd4 f3+ 33. Nxf3 Bc5 1/2-1/2

[Event "Nikaia op 25th"]
[Site "Nikaia"]
[Date "2017.09.02"]
[Round "8"]
[White "Mavrikakis, Georgios"]
[Black "Gogolis, Alexandros"]
[Result "1/2-1/2"]
[WhiteElo "2107"]
[BlackElo "2190"]
[PlyCount "38"]
[EventDate "2017.08.26"]
[EventType "swiss"]
[EventRounds "9"]
[EventCountry "GRE"]
[SourceTitle "CBM 180 Extra"]
[Source "ChessBase"]
[SourceDate "2017.10.06"]
[SourceVersion "1"]
[SourceVersionDate "2017.10.06"]
[SourceQuality "1"]

1. e4 c6 2. Nc3 d5 3. Nf3 dxe4 4. Nxe4 Nf6 5. Qe2 Nxe4 6. Qxe4 Nd7 7. Bc4 Nf6 8. Ne5 e6 9. Qe2 Be7 10. 0-0 0-0 11. Re1 Nd5 12. d4 Qc7 13. Bd3 Bf6 14. Qe4 g6 15. Bh6 Bg7 16. Qh4 Qd8 17. Qxd8 Rxd8 18. Bxg7 Kxg7 19. c3 f6 1/2-1/2

[Event "Nikaia op 25th"]
[Site "Nikaia"]
[Date "2017.09.01"]
[Round "7"]
[White "Gogolis, Alexandros"]
[Black "Poulopoulos, Ioannis"]
[Result "1/2-1/2"]
[WhiteElo "2190"]
[BlackElo "2290"]
[PlyCount "33"]
[EventDate "2017.08.26"]
[EventType "swiss"]
[EventRounds "9"]
[EventCountry "GRE"]
[SourceTitle "CBM 180 Extra"]
[Source "ChessBase"]
[SourceDate "2017.10.06"]
[SourceVersion "1"]
[SourceVersionDate "2017.10.06"]
[SourceQuality "1"]

1. d4 Nf6 2. Nf3 d5 3. c4 c6 4. cxd5 cxd5 5. Nc3 Nc6 6. Bf4 Bg4 7. Ne5 Nh5 8. Nxg4 Nxf4 9. e3 Ng6 10. Qb3 Qd7 11. Ne5 Ngxe5 12. dxe5 e6 13. Bb5 a6 14. Bxc6 Qxc6 15. 0-0 Be7 16. Rac1 b5 17. Ne2 1/2-1/2

[Event "Nikaia op 25th"]
[Site "Nikaia"]
[Date "2017.08.27"]
[Round "2"]
[White "Gogolis, Alexandros"]
[Black "Rahmanidis, Petros"]
[Result "1-0"]
[WhiteElo "2190"]
[BlackElo "1960"]
[PlyCount "93"]
[EventDate "2017.08.26"]
[EventType "swiss"]
[EventRounds "9"]
[EventCountry "GRE"]
[SourceTitle "CBM 180 Extra"]
[Source "ChessBase"]
[SourceDate "2017.10.06"]
[SourceVersion "1"]
[SourceVersionDate "2017.10.06"]
[SourceQuality "1"]

1. d4 Nf6 2. Nf3 g6 3. Bg5 Bg7 4. Nbd2 0-0 5. c3 d6 6. e3 Nbd7 7. Be2 c5 8. 0-0 b6 9. Re1 Bb7 10. Bd3 h6 11. Bh4 Nh5 12. Bg3 Nxg3 13. hxg3 e5 14. dxe5 Nxe5 15. Nxe5 Bxe5 16. Nf3 Bg7 17. Qc2 d5 18. Rad1 Qc7 19. c4 dxc4 20. Bxc4 Rad8 21. a4 Kh8 22. b3 Qe7 23. Rxd8 Rxd8 24. Rd1 Rxd1+ 25. Qxd1 Kh7 26. Qc2 Be4 27. Bd3 Bc6 28. Qc4 Qf6 29. Be4 Be8 30. Bd5 Qe7 31. Qf4 f5 32. Bc4 Qd7 33. Kh2 g5 34. Qb8 Qe7 35. Bd3 Bg6 36. Qc8 Qf8 37. Qd7 a5 38. Ne5 Qf6 39. Nxg6 Kxg6 40. g4 h5 41. Qe8+ Qf7 42. Bxf5+ Kf6 43. Qc6+ Ke7 44. Qd7+ Kf8 45. Qd8+ Qe8 46. Qxe8+ Kxe8 47. gxh5 1-0

[Event "Nikaia op 24th"]
[Site "Nikaia"]
[Date "2016.09.01"]
[Round "8"]
[White "Gogolis, Alexandros"]
[Black "Krallis, Christos"]
[Result "1-0"]
[WhiteElo "2210"]
[BlackElo "2005"]
[PlyCount "67"]
[EventDate "2016.08.25"]
[EventType "swiss"]
[EventRounds "9"]
[EventCountry "GRE"]
[SourceTitle "CBM 174 Extra"]
[Source "ChessBase"]
[SourceDate "2016.10.10"]
[SourceVersion "1"]
[SourceVersionDate "2016.10.10"]
[SourceQuality "1"]

1. d4 Nf6 2. Bg5 Ne4 3. Bf4 d5 4. e3 e6 5. Nd2 Nxd2 6. Qxd2 Nd7 7. Bd3 c5 8. c3 cxd4 9. cxd4 Qb6 10. Ne2 Bd6 11. 0-0 0-0 12. Rfc1 Nf6 13. a3 Bd7 14. Bxd6 Qxd6 15. Qb4 Qxb4 16. axb4 Ne8 17. Kf1 g6 18. Ke1 Kg7 19. Ra3 Nd6 20. Nc3 Rfc8 21. Rca1 Nc4 22. Rxa7 Rxa7 23. Rxa7 Nxb2 24. Kd2 Nxd3 25. Kxd3 Rc7 26. f3 f5 27. Ra5 Rc4 28. Rc5 Rxc5 29. dxc5 Kf6 30. Kd4 g5 31. f4 g4 32. g3 h5 33. b5 Be8 34. c6 1-0

[Event "Nikaia op 24th"]
[Site "Nikaia"]
[Date "2016.08.28"]
[Round "4"]
[White "Gogolis, Alexandros"]
[Black "Nikolaou, Spiridon"]
[Result "1/2-1/2"]
[WhiteElo "2210"]
[BlackElo "2065"]
[PlyCount "49"]
[EventDate "2016.08.25"]
[EventType "swiss"]
[EventRounds "9"]
[EventCountry "GRE"]
[SourceTitle "CBM 174 Extra"]
[Source "ChessBase"]
[SourceDate "2016.10.10"]
[SourceVersion "1"]
[SourceVersionDate "2016.10.10"]
[SourceQuality "1"]

1. d4 e6 2. Nf3 f5 3. Bf4 Nf6 4. e3 b6 5. Nbd2 Bb7 6. h3 Be7 7. c3 0-0 8. Bd3 c5 9. 0-0 Ne4 10. Qc2 d5 11. Ne5 Nd7 12. Nxd7 Qxd7 13. Nf3 Bf6 14. Ne5 Qe7 15. f3 Nd6 16. Qe2 g5 17. Bh2 Bxe5 18. Bxe5 Nf7 19. f4 Nxe5 20. fxe5 Rf7 21. Rf2 Raf8 22. Raf1 Bc6 23. a3 Be8 24. g4 fxg4 25. hxg4 1/2-1/2

[Event "GRE-chT 44th"]
[Site "Achaia"]
[Date "2016.07.06"]
[Round "2.10"]
[White "Sandalakis, Nikolaos"]
[Black "Gogolis, Alexandros"]
[Result "1/2-1/2"]
[WhiteElo "2049"]
[BlackElo "2210"]
[PlyCount "87"]
[EventDate "2016.07.05"]
[EventType "team-swiss"]
[EventRounds "7"]
[EventCountry "GRE"]
[SourceTitle "CBM 173 Extra"]
[Source "ChessBase"]
[SourceDate "2016.08.29"]
[SourceVersion "1"]
[SourceVersionDate "2016.08.29"]
[SourceQuality "1"]
[WhiteTeam "St Nicholas Lato"]
[BlackTeam "Kifisias AO"]
[WhiteTeamCountry "GRE"]
[BlackTeamCountry "GRE"]

1. e4 d5 2. exd5 Qxd5 3. Nc3 Qa5 4. d4 Nf6 5. Bd2 Bg4 6. f3 Bd7 7. Bc4 Qb6 8. Nge2 e6 9. Bb3 a5 10. a4 Be7 11. Be3 0-0 12. Qd2 Rd8 13. Nf4 Na6 14. Qf2 Nb4 15. d5 Qa6 16. dxe6 Bxe6 17. Nxe6 fxe6 18. Nb5 Nbd5 19. 0-0 c6 20. Nc3 Rf8 21. Bd4 Bd6 22. Qe2 Qxe2 23. Nxe2 Kf7 24. Rad1 Bc7 25. c4 Ne7 26. Nc3 Rad8 27. Ne4 h6 28. Bc5 Nxe4 29. fxe4+ Ke8 30. Rxd8+ Bxd8 31. Rxf8+ Kxf8 32. Kf2 Bc7 33. h4 Be5 34. Bb6 Bxb2 35. Bxa5 Bd4+ 36. Ke2 Ng6 37. g3 Ne5 38. Bc7 Ke7 39. Bxe5 Bxe5 40. g4 Kd6 41. h5 Kc5 42. Kd3 Kb4 43. Bd1 Ka3 44. Bc2 1/2-1/2

[Event "Athens Herakleiou op 18th"]
[Site "Athens"]
[Date "2015.06.15"]
[Round "3.5"]
[White "Papadimitriou, Loukas"]
[Black "Gogolis, Alexandros"]
[Result "0-1"]
[WhiteElo "2058"]
[BlackElo "2235"]
[PlyCount "130"]
[EventDate "2015.06.13"]
[EventType "swiss"]
[EventRounds "9"]
[EventCountry "GRE"]
[SourceTitle "EXT 2024"]
[Source "ChessBase"]
[SourceDate "2023.10.10"]
[SourceVersion "1"]
[SourceVersionDate "2023.10.10"]
[SourceQuality "1"]

1. d4 d5 2. c4 c6 3. Nf3 Nf6 4. Nc3 a6 5. e3 Bf5 6. Bd3 Bxd3 7. Qxd3 e6 8. 0-0 Bb4 9. Bd2 Ba5 10. a3 0-0 11. b4 Bc7 12. e4 h6 13. Rfe1 Nbd7 14. cxd5 cxd5 15. e5 Nh7 16. Na4 Nb6 17. Nxb6 Bxb6 18. a4 Qd7 19. b5 Rfc8 20. a5 Bd8 21. Reb1 Nf8 22. Bb4 Qxb5 23. Qxb5 axb5 24. Kf1 g5 25. h3 Ng6 26. g3 Rc4 27. Ke2 b6 28. a6 Rc7 29. Ra2 Rca7 30. Rba1 Be7 31. Bd6 b4 32. Kd3 b3 33. Rb2 Rxa6 34. Rxa6 Rxa6 35. Rxb3 b5 36. Bc5 Ra2 37. Nd2 Nxe5+ 38. dxe5 Bxc5 39. f4 gxf4 40. gxf4 b4 41. Rb1 Ra3+ 42. Nb3 Be7 43. Kd4 Ra2 44. Rg1+ Kh7 45. f5 Re2 46. f6 Re4+ 47. Kd3 Bf8 48. Na5 Rxe5 49. Rf1 Kg6 50. Nc6 Rf5 51. Ne7+ Kxf6 52. Nxf5 exf5 53. Kd4 Ke6 54. Re1+ Kd6 55. Re8 Bg7+ 56. Kd3 b3 57. Rd8+ Ke6 58. Re8+ Kd7 59. Rg8 b2 60. Kc2 Be5 61. h4 f4 62. Rg1 Ke6 63. h5 Kf5 64. Kd3 f3 65. Ke3 Bf4+ 0-1

[Event "Thessaloniki Triandria op 8th"]
[Site "Thessaloniki"]
[Date "2015.04.16"]
[Round "3"]
[White "Papakonstantinou, Dimitrios"]
[Black "Gogolis, Alexandros"]
[Result "1/2-1/2"]
[WhiteElo "2106"]
[BlackElo "2257"]
[PlyCount "34"]
[EventDate "2015.04.14"]
[EventType "swiss"]
[EventRounds "7"]
[EventCountry "GRE"]
[SourceTitle "CBM 166 Extra"]
[Source "ChessBase"]
[SourceDate "2015.06.18"]
[SourceVersion "1"]
[SourceVersionDate "2015.06.18"]
[SourceQuality "1"]

1. e4 d5 2. exd5 Qxd5 3. Nc3 Qa5 4. d4 Nf6 5. Bd2 Bg4 6. Nf3 Qf5 7. Bd3 Bxf3 8. Bxf5 Bxd1 9. Rxd1 e6 10. Bd3 Nc6 11. Bb5 0-0-0 12. Bxc6 bxc6 13. Ne2 c5 14. c3 h6 15. f3 Kb7 16. dxc5 Bxc5 17. c4 Rd7 1/2-1/2